000
00226 a2200097 4500
001
38715
100
_a
Qudsi Abdul Qadoos
245
_a
Ek hay Mosam Pat jarh ka
260
_a
Islamabad
_b
Liyo Box
_c
1996
090
_c
24535
_d
24535
942
_a
NUST-CAE
_c
M
_c
16153
999
_c
273788
_d
273788